Statistiques concernant Culture Générale - Série 607

Cliquez ici pour prendre le quiz!

Statistiques générales

  • Ce quiz a été pris 70 fois
  • Le résultat moyen est 7 sur 10

Statistiques - réponses

QuestionRéponse% Correct
Quelle est la couleur du maillot de bain des sauveteurs : d'"Alerte à Malibu" ?rouge
99%
Quelle grande nation est personnifiée à travers la figure mythique de l'Oncle Sam ?États-Unis
97%
Dans une fable de La Fontaine, quel animal a chanté tout l'été ?cigale
97%
Depuis combien d'années dure l'union d'un couple qui fête ses noces d'or ?50 ans
96%
Le Premier ministre de l'Inde de 1980 à 1984 était Indira...Gandhi
93%
En 1994, quel réalisateur espagnol met en scène le film “Kika”, avec Victoria Abril ?Pedro Almodovar
78%
Comment s'appelle la blonde, qui vit dans le village des Schtroumpfs ?Schtroumpfette
74%
Quel célèbre personnage d'aventurier créé par le dessinateur Hugo Pratt porte les initiales C. M. ?Corto Maltese
69%
Dans quel roman Sherlock Holmes, qui avait disparu dans les chutes de Reichenbach neuf ans plus tôt, refait-il surface ?Le Chien des Baskerville
12%
Dans le film "Le Gendarme de Saint-Tropez", quel est le prénom de la religieuse qui conduit une 2CV ?Clotilde
9%

Distribution des résultats

Percentile par nombre de réponses

% des personnes avec chaque résultat

Votre développement - résultats

Vous n’avez pas pris ce quiz